| 000 | 00803nam a22002057a 4500 | ||
|---|---|---|---|
| 005 | 20160426155336.0 | ||
| 010 | _aHIN-90003 | ||
| 020 |
_c100.00 _a9788177210910 |
||
| 035 | _a HN-62349 | ||
| 037 | _bDBAD / PUB | ||
| 082 | _a921 | ||
| 100 | _aकिशोर, पंकज | ||
| 245 |
_aडा. भीमराव अंबेडकर / _cपंकज किशोर |
||
| 246 |
_aDr. Bhimrao Ambedkar _bby Pankaj Kishore |
||
| 260 |
_aदिल्ली _bसत्साहित्य प्रकाशन _c2009 |
||
| 270 |
_a205-बी, चावड़ी बाजार _bदिल्ली _e110006 |
||
| 300 |
_a80पृ. _c22सेमी (सजिल्द) |
||
| 700 |
_aश्रीवास्तव, आलोक _9789 |
||
| 942 |
_2ddc _cHN _h921 _mकिशोर |
||
| 999 |
_c39492 _d39492 |
||